Social thinkers of modern time / (Record no. 103969)

MARC details
000 -LEADER
fixed length control field 00518nam a22001817a 4500
005 - DATE AND TIME OF LATEST TRANSACTION
control field 20161010151623.0
010 ## - LCCN (DPL NO)
LC control number ENG-116200
020 ## - INTERNATIONAL STANDARD BOOK NUMBER
International Standard Book Number 9789380677835
Terms of availability 275.00
035 ## - SYSTEM CONTROL NUMBER
System control number EN-99732
037 ## - SOURCE OF ACQUISITION
Source of stock number/acquisition DBAD/PUB
082 ## - DEWEY DECIMAL CLASSIFICATION NUMBER
Classification number 144.092
245 ## - TITLE STATEMENT
Title Social thinkers of modern time /
Statement of responsibility, etc edited by Pradip Basu
260 ## - PUBLICATION, DISTRIBUTION, ETC. (IMPRINT)
Place of publication, distribution, etc Kolkata
Name of publisher, distributor, etc Setu Prakashani
Date of publication, distribution, etc 2015
270 ## - ADDRESS
Address 12/A, Shankar Ghosh Lane
City Kolkata
Postal code 6
300 ## - PHYSICAL DESCRIPTION
Extent 191p.
Other physical details ill
Dimensions 21cm(pbk)
700 ## - ADDED ENTRY--PERSONAL NAME
Personal name Basu,Pradip
942 ## - ADDED ENTRY ELEMENTS (KOHA)
Source of classification or shelving scheme Dewey Decimal Classification
Item type English Books
Classification part 144.092
Holdings
Withdrawn status Lost status Not for loan Collection code Home library Current library Date acquired Source of acquisition Cost, normal purchase price Full call number Barcode Copy number Cost, replacement price Koha item type
    Not For Loan Non-fiction D.B.Act.Division Bawana 10/10/2016 DBAD/PUB 275.00 144.092 SOC EN-99732 1 275.00 English Books

© Delhi Public Library
Hit Counter
free hit counter